Регионална библиотека "Любен Каравелов" - Русе

ДРАКУЛА (Запис номер 291940)

MARC детайли
000 -Лидер
Контролно поле с фиксирана дължина 00975nas a2200277 c 4500
003 - Код на организацията, давaща контролен номер
Контролно поле BLK
005 - Дата и час на последна редакция
Контролно поле 20180422122418.0
008 - Елементи от данни с фиксирана дължина
fixed length control field 180413b bul raner|||| |0| c1bulo|
010 ## - Наследен системен номер
LC control number PRD00003452000
022 ## - Международен стандартен номер на серия ISSN
Международният стандартен номер на серията ISSN C603-828X
040 ## - Източник на каталожния запис
Идентификатор на билиотеката - собственик на записа BLK
041 ## - Код за език
Код за езика на текст/звукозапис или на отделно заглавие Български
Код за езика КДБФ Български
080 ## - УДК
Текстов определител УДК Литература
УДК код - определител по УДК 82
УДК определител -32
УДК - код + определител 82-32
110 1# - Редна дума - колетивен орган
Редна дума - наименование на организация или юридическо лице Пресгрупа Хермес 3
9 (RLIN) 388277
245 10 - Сведения за заглавието
Заглавие ДРАКУЛА
Подзаглавни данни Криминален вестник за късни нощи и ранни доби
Редно поле (дума) Пресгрупа Хермес 3
Дата на създаване на произведението Начална год. на издаване: № 1(1963 ),
257 ## - Страна на издаване
Страна на създаване/издаване България
260 ## - Област на издателските данни
-- София
Име на издателя, разпространителя и проч. Пресгрупа Хермес 3
Година на издаване 1993
300 ## - Физическа характеристика
Размери/Мащаб 40
310 ## - Текуща периодчност на изданието
-- периодичност: 0
Срок за съхранение срок за съхранение: 99
380 ## - Жанр
Жанр Литературознание
852 ## - Местоположение
Форматна сигнатура В 1315
856 ## - Електронен адрес и достъп
Електронен формат pdf - файл
Път до файла /url/
856 ## - Електронен адрес и достъп
Електронен формат pdf - файл
Път до файла /url/
942 ## - АРТИКУЛИ
Вид на библиотечния материал Вестници
Скрит в OPAC Не
Периодичен библиозапис Да
944 ## - СЪЗДАВАНЕ И РЕДАКЦИЯ на ЗАПИСА
Създаване/Редакция Създаване
Дата на регистрацията/редакция Мария_Кръстева
Служител, извършил регистрацията/редакцията 15.01.2003
944 ## - СЪЗДАВАНЕ И РЕДАКЦИЯ на ЗАПИСА
Създаване/Редакция Редакция
Дата на регистрацията/редакция Ваня_Йорданова
Служител, извършил регистрацията/редакцията 12.02.2018
999 ## - СИСТЕМНИ КОНТРОЛНИ НОМЕРА
Koha biblionumber 291940
Koha biblioitemnumber 291940
Наличности
Код за отписване Код за изгубен артикул Код за повреда Коз за рестрикции Код за отдаване Артикулен № Име на библиотеката - собственик Име на библиотеката, в която се намира в момента Статус (Текущо местоположение) Дата на вписване в системата Местоположение - отдел Цена в лева Номерация (Хронология) Инвентарен номер Систематично азбучна сигнатура Баркод Номер на екземпляра Цена в евро Служебна бележка Служебен тип на артикула Бележка за публиката
  Не е изгубен Не е повреден без рестрикции ползва се в читалня 578156 Регионална библиотека "Любен Каравелов" Русе Регионална библиотека "Любен Каравелов" Русе Хранилище 2018-02-12 Хранилище 1.00 Обхват на том: 1-3 130000736210 В 1315 130000736210 1 0.51 Дост: Dp, Вид: Д, N: 18, Дата: 18.05.1993 Вестници Год. на изд.: 1993
Vip Innovations Ltd, Rousse, Bulgaria 2025